World atlas of elections : voting patterns in 39 democracies /

Bibliographic Details
Main Author: Leonard, R. L. (Richard Lawrence)
Other Authors: Natkiel, Richard
Format: Book
Language:English
Published: London : The Economist Publications, [1986]
Subjects:

MARC

Tag First Indicator Second Indicator Subfields
LEADER 00000cam a2200000 a 4500
001 in00000010697
005 20151007051428.0
008 871014s1986 enkab bs 00010 eng
010 |a  87675064  
034 0 |a a 
035 |a (OCoLC)16951118 
035 |9 AAA2924AM 
040 |a DLC  |c DLC  |d TXA  |d UtOrBLW 
049 |a TXAC  |c [A12567837] 
050 0 0 |a G1046.F9  |b L4 1986 
082 0 |a 912/.13249  |2 19 
100 1 |a Leonard, R. L.  |q (Richard Lawrence) 
245 1 0 |a World atlas of elections :  |b voting patterns in 39 democracies /  |c Dick Leonard and Richard Natkiel. 
255 |a Scales differ. 
264 1 |a London :  |b The Economist Publications,  |c [1986] 
264 4 |c ©1986 
300 |a 1 atlas (159 pages, 1 unnumbered page) :  |b color illustrations, color maps ;  |c 26 cm. 
336 |a text  |b txt  |2 rdacontent 
337 |a unmediated  |b n  |2 rdamedia 
338 |a volume  |b nc  |2 rdacarrier 
504 |a Bibliography: pages 5-8. 
650 0 |a Elections  |x Maps. 
650 0 |a Elections  |v Statistics. 
650 0 |a Politics, Practical. 
700 1 |a Natkiel, Richard. 
999 |a MARS 
999 f f |s c9ed89a2-5018-3cb6-a6b8-18c51cf8ea9d  |i eec82586-92ac-3afb-9012-04381dffb5b7  |t 0 
952 f f |p normal  |a Texas A&M University  |b College Station  |c Sterling C. Evans Library  |d Evans: Maps (2nd floor)  |t 0  |e G1046.F9 L4 1986  |h Library of Congress classification  |i unmediated -- volume  |m A14812567837 
998 f f |a G1046.F9 L4 1986  |t 0  |l Evans: Maps (2nd floor)